| 000 -LEADER |
| fixed length control field |
01591 a2200205 4500 |
| 003 - CONTROL NUMBER IDENTIFIER |
| control field |
Nust |
| 005 - DATE AND TIME OF LATEST TRANSACTION |
| control field |
20221010135145.0 |
| 010 ## - LIBRARY OF CONGRESS CONTROL NUMBER |
| LC control number |
81083272 |
| 020 ## - INTERNATIONAL STANDARD BOOK NUMBER |
| International Standard Book Number |
0395314895 |
| 040 ## - CATALOGING SOURCE |
| Transcribing agency |
Nust |
| 082 00 - DEWEY DECIMAL CLASSIFICATION NUMBER |
| Classification number |
540,EBB |
| 100 1# - MAIN ENTRY--PERSONAL NAME |
| Personal name |
Ebbing, Darrell D. |
| 9 (RLIN) |
99692 |
| 245 10 - TITLE STATEMENT |
| Title |
General chemistry / |
| Statement of responsibility, etc. |
Darrell D. Ebbing ; consulting editor, Mark S. Wrighton. |
| 260 ## - PUBLICATION, DISTRIBUTION, ETC. |
| Place of publication, distribution, etc. |
Boston : |
| Name of publisher, distributor, etc. |
Houghton Mifflin Co., |
| Date of publication, distribution, etc. |
c1984. |
| 300 ## - PHYSICAL DESCRIPTION |
| Extent |
xxiv, 970, [98] p., [8] p. of plates : |
| Other physical details |
ill. (some col.) ; |
| Dimensions |
26 cm. |
| 505 ## - FORMATTED CONTENTS NOTE |
| Formatted contents note |
Chemistry and Measurement (Page-1), Atomic Theory (Page-27), Calculations with Chemical Formulas and Equations (Page-50), The Gaseous State (Page-88), Atomic Structure (Page-128), Electron Configurations and Periodicity (Page-163), Ionic and Covalent Bonding (Page-195), Molecular Geometry and Chemical Bonding Theory (Page-234), Reactions in Aqueous Solutions (Page-270), Thermochemistry (Page-311), Liquids and Solids (Page-345), Solutions (Page-289), The Atmosphere (Page-425), Hydrogen and its Compounds with Oxygen (Page-466), Rates of Reaction (Page-493), Chemical Equilibrium (Page-535), Acid Base Concepts (Page-569), Acid Base Equilibria (Page-593), Solubility and Complex-Ion Equilibria (Page-625), Thermodynamics and Equilibrium (Page-655),Electrochemistry (Page-682), Nuclear Chemistry (Page-716), The Main Group Elements (Page-759), The Main Group Elements Groups IVA to VIIA (Page-798), The Transition Elements (Page-841), Organic Chemistry (Page-893), Biochemistry (Page-935). |
| 650 #0 - SUBJECT ADDED ENTRY--TOPICAL TERM |
| Topical term or geographic name entry element |
Chemistry. |
| 700 1# - ADDED ENTRY--PERSONAL NAME |
| Personal name |
Wrighton, Mark S., |
| Dates associated with a name |
1949- |
| 9 (RLIN) |
99693 |
| 942 ## - ADDED ENTRY ELEMENTS (KOHA) |
| Source of classification or shelving scheme |
|
| Koha item type |
Book |